[Event "Titled Tuesday intern op 12th Oct"]
[Site "Chess.com INT"]
[Date "2021.10.12"]
[Round "2"]
[White "Klimciauskas, Domantas"]
[Black "Aldokhin, Ivan"]
[Result "1/2-1/2"]
[WhiteElo "2150"]
[BlackElo "2413"]
[PlyCount "124"]
[EventDate "2021.10.12"]
[EventType "swiss (blitz)"]
[EventRounds "11"]
[EventCountry "USA"]
[SourceTitle "EXT 2023"]
[Source "ChessBase"]
[SourceDate "2022.10.05"]
[SourceVersion "1"]
[SourceVersionDate "2022.10.05"]
[SourceQuality "1"]

1. c4 Nf6 2. Nc3 g6 3. g3 Bg7 4. Bg2 0-0 5. e3 d6 6. Nge2 c6 7. 0-0 Qa5 8. Rb1 Qh5 9. Nf4 Qxd1 10. Rxd1 e5 11. Nfe2 Bf5 12. e4 Be6 13. d3 a5 14. b3 Nbd7 15. h3 Nc5 16. Be3 Rfd8 17. f4 Nfd7 18. Rbc1 f5 19. fxe5 dxe5 20. exf5 Bxf5 21. d4 Nd3 22. Ra1 exd4 23. Bxd4 N7c5 24. Bxg7 Kxg7 25. g4 Be6 26. Rd2 Rd7 27. Rad1 Rad8 28. Ne4 Nxe4 29. Bxe4 Nc5 30. Rxd7+ Rxd7 31. Rxd7+ Bxd7 32. Bc2 Kf6 33. Kf2 Ke5 34. Ke3 Ne6 35. a3 b5 36. cxb5 cxb5 37. b4 axb4 38. axb4 Ng5 39. h4 Nf7 40. g5 Nd6 41. Nd4 Nc4+ 42. Kd3 Kf4 43. Bb3 Ne5+ 44. Kc3 Kg4 45. Ne6 Kxh4 46. Kd4 Nf3+ 47. Kc5 Nxg5 48. Nf8 Be8 49. Bc2 Kh5 50. Bd3 Kg4 51. Bxb5 Bf7 52. Be2+ Kf4 53. b5 Ne4+ 54. Kd4 Nd6 55. b6 h5 56. Kc5 Nb7+ 57. Kc6 Na5+ 58. Kb5 Nb7 59. Kc6 Na5+ 60. Kb5 Nb7 61. Ka6 Nc5+ 62. Kb5 Nb7 1/2-1/2

[Event "Titled Tuesday intern op 12th Oct"]
[Site "Chess.com INT"]
[Date "2021.10.12"]
[Round "1"]
[White "Klimciauskas, Domantas"]
[Black "Iskusnyh, Sergei"]
[Result "0-1"]
[WhiteElo "2150"]
[BlackElo "2473"]
[PlyCount "54"]
[EventDate "2021.10.12"]
[EventType "swiss (blitz)"]
[EventRounds "11"]
[EventCountry "USA"]
[SourceTitle "EXT 2023"]
[Source "ChessBase"]
[SourceDate "2022.10.05"]
[SourceVersion "1"]
[SourceVersionDate "2022.10.05"]
[SourceQuality "1"]

1. c4 e5 2. g3 c6 3. d4 e4 4. d5 Bb4+ 5. Bd2 Qe7 6. Bg2 Nf6 7. Nc3 0-0 8. a3 Bxc3 9. Bxc3 cxd5 10. cxd5 d6 11. Nh3 Bf5 12. 0-0 Nbd7 13. Qd4 Rfe8 14. Nf4 h6 15. Rac1 Ne5 16. Ba5 b6 17. Bb4 Rac8 18. e3 Qd7 19. Rc3 Rxc3 20. Bxc3 Bg4 21. Rc1 Nf3+ 22. Bxf3 Bxf3 23. Bb4 Re5 24. Rc6 Rxd5 25. Rxd6 Rxd4 26. Rxd4 Qc8 27. Bc3 Nh5 0-1

[Event "Titled Tuesday intern op 12th Oct"]
[Site "Chess.com INT"]
[Date "2021.10.12"]
[Round "9"]
[White "Klimciauskas, Domantas"]
[Black "Quirke, Jeffrey"]
[Result "1-0"]
[WhiteElo "2150"]
[BlackElo "2108"]
[PlyCount "67"]
[EventDate "2021.10.12"]
[EventType "swiss (blitz)"]
[EventRounds "11"]
[EventCountry "USA"]
[SourceTitle "EXT 2023"]
[Source "ChessBase"]
[SourceDate "2022.10.05"]
[SourceVersion "1"]
[SourceVersionDate "2022.10.05"]
[SourceQuality "1"]

1. c4 e6 2. g3 d5 3. Bg2 dxc4 4. Nf3 a6 5. 0-0 Nc6 6. a4 e5 7. Na3 Bxa3 8. Rxa3 Be6 9. d3 cxd3 10. Rxd3 Qc8 11. Ng5 Bf5 12. Rc3 Nge7 13. b4 0-0 14. Ba3 h6 15. Ne4 Re8 16. Qb3 Nd4 17. Qb2 Nd5 18. Rc5 Be6 19. e3 Nc6 20. b5 axb5 21. axb5 Na5 22. Nd6 cxd6 23. Rxc8 Rexc8 24. Bxd5 Bxd5 25. Bxd6 Nc4 26. Qb4 Bf3 27. h3 Nxd6 28. Qxd6 e4 29. g4 Rc2 30. Kh2 Rac8 31. Kg3 g5 32. Qxh6 R8c5 33. Ra1 Rc8 34. Qxg5+ 1-0

[Event "Titled Tuesday intern op 05th Oct"]
[Site "Chess.com INT"]
[Date "2021.10.05"]
[Round "7"]
[White "Bilan, Danila"]
[Black "Klimciauskas, Domantas"]
[Result "1-0"]
[WhiteElo "2303"]
[BlackElo "2150"]
[PlyCount "41"]
[EventDate "2021.10.05"]
[EventType "swiss (blitz)"]
[EventRounds "11"]
[EventCountry "USA"]
[SourceTitle "CBM 204 Extra"]
[Source "ChessBase"]
[SourceDate "2021.11.30"]
[SourceVersion "1"]
[SourceVersionDate "2021.11.30"]
[SourceQuality "1"]

1. d4 g6 2. Nf3 Bg7 3. Bg5 h6 4. Bh4 c5 5. c3 b6 6. Nbd2 Bb7 7. e4 d6 8. Bc4 Nf6 9. e5 dxe5 10. dxe5 Nh5 11. Qc2 0-0 12. Qxg6 Nf4 13. Qg4 Nd3+ 14. Kf1 Nxb2 15. Be2 Nc6 16. Ne4 Qc8 17. Qf4 c4 18. Nf6+ Kh8 19. Ng4 Qe6 20. Ne3 b5 21. Qg3 1-0

[Event "Titled Tuesday intern op 05th Oct"]
[Site "Chess.com INT"]
[Date "2021.10.05"]
[Round "9"]
[White "Coto Mederos, Michel"]
[Black "Klimciauskas, Domantas"]
[Result "1-0"]
[WhiteElo "2348"]
[BlackElo "2150"]
[PlyCount "77"]
[EventDate "2021.10.05"]
[EventType "swiss (blitz)"]
[EventRounds "11"]
[EventCountry "USA"]
[SourceTitle "CBM 204 Extra"]
[Source "ChessBase"]
[SourceDate "2021.11.30"]
[SourceVersion "1"]
[SourceVersionDate "2021.11.30"]
[SourceQuality "1"]

1. c4 g6 2. Nc3 Bg7 3. g3 c5 4. Bg2 Nc6 5. e3 d6 6. Nge2 e6 7. 0-0 Nge7 8. d4 0-0 9. Rb1 cxd4 10. exd4 d5 11. cxd5 Nxd5 12. Nxd5 exd5 13. Be3 Bf5 14. Rc1 Be4 15. Qb3 Bxg2 16. Kxg2 Qd7 17. Rfd1 Na5 18. Qd3 Nc4 19. Rc2 Nxe3+ 20. Qxe3 Rfe8 21. Qf3 Re4 22. Nc3 Rxd4 23. Rxd4 Bxd4 24. Nxd5 Qd6 25. Rc7 Rf8 26. Rxb7 h5 27. h4 Kg7 28. Nf4 Qe5 29. Qd3 Qf6 30. Rd7 Bxb2 31. Qe4 Qe5 32. Qxg6+ Kh8 33. Qxh5+ Qxh5 34. Nxh5 Kh7 35. g4 a6 36. Ng3 Kg6 37. Nf5 a5 38. f4 f6 39. Rg7# 1-0